000 00292nam a22001337a 4500
008 170502b xxu||||| |||| 00| 0 eng d
020 _a9780314908643
041 _aeng
080 _23RD
_a347
100 _a13
101 _aSHJ
245 _aCIVIL PROCEDURE
_cSPENCER, A.B
942 _2udc
_cBK
999 _c12336
_d12336